Statistics for County-Level Divisions of Hebei, China 河北

Click here to take the quiz!

General Stats

  • This quiz has been taken 125 times
  • The average score is 102 of 167

Answer Stats

Prefecture-level City 地級市Answer% Correct
Shijiazhuang 石家莊 | Zhangjiakou 張家口Qiaoxi 橋西
94%
Qinhuangdao 秦皇島Beidaihe 北戴河
89%
Qinhuangdao 秦皇島Shanhaiguan 山海關
89%
Baoding 保定Dingzhou 定州
87%
Zhangjiakou 張家口Qiaodong 橋東
87%
Langfang 廊坊Gu'An 固安
85%
Tangshan 唐山Lubei 路北
85%
Langfang 廊坊Dachang 大廠
83%
Cangzhou 滄州Huanghua 黃驊
83%
Tangshan 唐山Lunan 路南
83%
Langfang 廊坊Sanhe 三河
83%
Chengde 承德Weichang 圍場
83%
Langfang 廊坊Xianghe 香河
83%
Shijiazhuang 石家莊Zhengding 正定
83%
Zhangjiakou 張家口Chongli 崇禮
81%
Baoding 保定Gaobeidian 高碑店
81%
Shijiazhuang 石家莊Jingxing 井陘
81%
Shijiazhuang 石家莊Jingxing Mining District 井陘礦區
81%
Qinhuangdao 秦皇島Qinglong 青龍
81%
Handan 邯鄲Wei County 魏縣
81%
Cangzhou 滄州 | Shijiazhuang 石家莊Xinhua 新華
81%
Baoding 保定Zhuozhou 涿州
81%
Qinhuangdao 秦皇島Haigang 海港
79%
Tangshan 唐山Luanzhou 灤州
79%
Xingtai 邢台Wei County 威縣
79%
Zhangjiakou 張家口Zhangbei 張北
79%
Tangshan 唐山Caofeidian 曹妃甸
77%
Langfang 廊坊Guangyang 廣陽
77%
Zhangjiakou 張家口Xuanhua 宣化
77%
Shijiazhuang 石家莊Zhao County 趙縣
77%
Baoding 保定Anxin 安新
74%
Tangshan 唐山Fengrun 豐潤
74%
Shijiazhuang 石家莊Gaocheng 藁城
74%
Xingtai 邢台Qinghe 清河
74%
Baoding 保定Xiong County 雄縣
74%
Baoding 保定Anguo 安國
72%
Qinhuangdao 秦皇島Changli 昌黎
72%
Baoding 保定Lianchi 蓮池
72%
Chengde 承德Luanping 灤平
72%
Baoding 保定Mancheng 滿城
72%
Zhangjiakou 張家口Xiahuayuan 下花園
72%
Chengde 承德Yingshouyingzi Mining District 鷹手營子礦區
72%
Zhangjiakou 張家口Yu County 蔚縣
72%
Shijiazhuang 石家莊Yuhua 裕華
72%
Tangshan 唐山Zunhua 遵化
72%
Cangzhou 滄州Cang County 滄縣
70%
Tangshan 唐山Qian'An 遷安
70%
Baoding 保定Rongcheng 容城
70%
Hengshui 衡水Shenzhou 深州
70%
Chengde 承德Shuangqiao 雙橋
70%
Shijiazhuang 石家莊Xinji 辛集
70%
Langfang 廊坊Anci 安次
68%
Hengshui 衡水Jizhou 冀州
68%
Baoding 保定Laishui 淶水
68%
Baoding 保定Laiyuan 淶源
68%
Shijiazhuang 石家莊Luquan 鹿泉
68%
Zhangjiakou 張家口Zhuolu 涿鹿
68%
Shijiazhuang 石家莊Chang'An 長安
66%
Chengde 承德Chengde 承德
66%
Handan 邯鄲Fengfeng Mining District 峰峰礦區
66%
Tangshan 唐山Fengnan 豐南
66%
Chengde 承德Fengning 豐寧
66%
Tangshan 唐山Luannan 灤南
66%
Shijiazhuang 石家莊Pingshan 平山
66%
Cangzhou 滄州Qing County 青縣
66%
Xingtai 邢台Shahe 沙河
66%
Chengde 承德Shuangluan 雙灤
66%
Tangshan 唐山Yutian 玉田
66%
Shijiazhuang 石家莊Zanhuang 贊皇
66%
Handan 邯鄲Congtai 叢台
64%
Cangzhou 滄州Dongguang 東光
64%
Tangshan 唐山Kaiping 開平
64%
Tangshan 唐山Laoting 樂亭
64%
Chengde 承德Pingquan 平泉
64%
Tangshan 唐山Qianxi 遷西
64%
Baoding 保定Qingyuan 清苑
64%
Hengshui 衡水Taocheng 桃城
64%
Baoding 保定Wangdu 望都
64%
Handan 邯鄲Daming 大名
62%
Tangshan 唐山Guye 古冶
62%
Zhangjiakou 張家口Huai'An 懷安
62%
Qinhuangdao 秦皇島Lulong 盧龍
62%
Cangzhou 滄州Nanpi 南皮
62%
Cangzhou 滄州Xian County 獻縣
62%
Chengde 承德Xinglong 興隆
62%
Shijiazhuang 石家莊Yuanshi 元氏
62%
Cangzhou 滄州Yunhe 運河
62%
Qinhuangdao 秦皇島Funing 撫寧
60%
Cangzhou 滄州Hejian 河間
60%
Shijiazhuang 石家莊Jinzhou 晉州
60%
Cangzhou 滄州Mengcun 孟村
60%
Cangzhou 滄州Renqiu 任丘
60%
Zhangjiakou 張家口Wanquan 萬全
60%
Handan 邯鄲Wu'An 武安
60%
Shijiazhuang 石家莊Xinle 新樂
60%
Hengshui 衡水Zaoqiang 棗強
60%
Langfang 廊坊Bazhou 霸州
57%
Handan 邯鄲Ci County 磁縣
57%
Handan 邯鄲Hanshan 邯山
57%
Handan 邯鄲Jize 雞澤
57%
Chengde 承德Longhua 隆化
57%
Xingtai 邢台Nangong 南宮
57%
Langfang 廊坊Wen'An 文安
57%
Shijiazhuang 石家莊Wuji 無極
57%
Shijiazhuang 石家莊Xingtang 行唐
57%
Langfang 廊坊Daicheng 大城
55%
Zhangjiakou 張家口Huailai 懷來
55%
Handan 邯鄲She County 涉縣
55%
Shijiazhuang 石家莊Shenze 深澤
55%
Cangzhou 滄州Wuqiao 吳橋
55%
Baoding 保定Dingxing 定興
53%
Zhangjiakou 張家口Guyuan 沽源
53%
Baoding 保定Jingxiu 競秀
53%
Baoding 保定Xushui 徐水
53%
Cangzhou 滄州Yanshan 鹽山
53%
Baoding 保定Yi County 易縣
53%
Cangzhou 滄州Botou 泊頭
51%
Zhangjiakou 張家口Chicheng 赤城
51%
Baoding 保定Fuping 阜平
51%
Shijiazhuang 石家莊Luancheng 欒城
51%
Xingtai 邢台Xindu 信都
51%
Shijiazhuang 石家莊Gaoyi 高邑
49%
Xingtai 邢台Renze 任澤
49%
Baoding 保定Shunping 順平
49%
Baoding 保定Tang County 唐縣
49%
Xingtai 邢台Xiangdu 襄都
49%
Langfang 廊坊Yongqing 永清
49%
Baoding 保定Gaoyang 高陽
47%
Handan 邯鄲Guangping 廣平
47%
Handan 邯鄲Guantao 館陶
47%
Hengshui 衡水Jing County 景縣
47%
Xingtai 邢台Julu 鉅鹿
47%
Xingtai 邢台Linxi 臨西
47%
Xingtai 邢台Longyao 隆堯
47%
Xingtai 邢台Neiqiu 內丘
47%
Zhangjiakou 張家口Kangbao 康保
45%
Baoding 保定Li County 蠡縣
45%
Handan 邯鄲Quzhou 曲周
45%
Hengshui 衡水Wuqiang 武強
45%
Baoding 保定Boye 博野
43%
Xingtai 邢台Guangzong 廣宗
43%
Cangzhou 滄州Haixing 海興
43%
Chengde 承德Kuancheng 寬城
43%
Handan 邯鄲Linzhang 臨漳
43%
Xingtai 邢台Nanhe 南和
43%
Xingtai 邢台Ningjin 寧晉
43%
Zhangjiakou 張家口Yangyuan 陽原
43%
Handan 邯鄲Yongnian 永年
43%
Handan 邯鄲Feixiang 肥鄉
40%
Handan 邯鄲Fuxing 復興
40%
Baoding 保定Quyang 曲陽
40%
Zhangjiakou 張家口Shangyi 尚義
40%
Hengshui 衡水Anping 安平
38%
Cangzhou 滄州Suning 肅寧
38%
Xingtai 邢台Baixiang 柏鄉
36%
Xingtai 邢台Lincheng 臨城
36%
Shijiazhuang 石家莊Lingshou 靈壽
36%
Handan 邯鄲Qiu County 邱縣
36%
Hengshui 衡水Wuyi 武邑
36%
Hengshui 衡水Gucheng 故城
34%
Hengshui 衡水Raoyang 饒陽
34%
Xingtai 邢台Pingxiang 平鄉
30%
Xingtai 邢台Xinhe 新河
23%
Handan 邯鄲Cheng'An 成安
21%
Hengshui 衡水Fucheng 阜城
21%

Score Distribution

Percentile by Number Answered

Percent of People with Each Score

Your Score History

You have not taken this quiz